Cambridge IELTS. (Record no. 16883)
[ view plain ]
| 000 -LEADER | |
|---|---|
| fixed length control field | 01609cam a2200325 a 4500 |
| 001 - CONTROL NUMBER | |
| control field | 16040924 |
| 005 - DATE AND TIME OF LATEST TRANSACTION | |
| control field | 20100614092014.0 |
| 008 - FIXED-LENGTH DATA ELEMENTS--GENERAL INFORMATION | |
| fixed length control field | 100105s2009 enka 000 0 eng |
| 020 ## - INTERNATIONAL STANDARD BOOK NUMBER | |
| International Standard Book Number | 0521739179 |
| 020 ## - INTERNATIONAL STANDARD BOOK NUMBER | |
| International Standard Book Number | 9780521739177 (Student's bk. w/ ans.) |
| 040 ## - CATALOGING SOURCE | |
| Original cataloging agency | DLC |
| Transcribing agency | DLC |
| 082 ## - DEWEY DECIMAL CLASSIFICATION NUMBER | |
| Edition number | 22 |
| Classification number | 428.24076 |
| Item number | CAM |
| 245 00 - TITLE STATEMENT | |
| Title | Cambridge IELTS. |
| Number of part/section of a work | 7 : |
| Remainder of title | examination papers from University of Cambridge ESOL Examinations : English for speakers of other languages. |
| 246 30 - VARYING FORM OF TITLE | |
| Title proper/short title | IELTS 7 |
| 246 18 - VARYING FORM OF TITLE | |
| Title proper/short title | IELTS examination papers with answers |
| 260 ## - PUBLICATION, DISTRIBUTION, ETC. (IMPRINT) | |
| Place of publication, distribution, etc | Cambridge : New York : |
| Name of publisher, distributor, etc | Cambridge University Press, |
| Date of publication, distribution, etc | c2009. |
| 300 ## - PHYSICAL DESCRIPTION | |
| Extent | 176 p. : |
| Other physical details | ill. ; |
| Dimensions | 25 cm. |
| 490 0# - Series Statement | |
| Series statement | Cambridge books for Cambridge exams |
| -- | 30648 |
| 500 ## - GENERAL NOTE | |
| General note | "Official examination papers from University of Cambridge ESOL examinations"--Cover. |
| 500 ## - GENERAL NOTE | |
| General note | Spine title: IELTS examination papers with answers. |
| 500 ## - GENERAL NOTE | |
| General note | Cover title: Official examination papers from University of Cambridge ESOL examinations :IELTS 7. |
| 650 #0 - SUBJECT ADDED ENTRY--TOPICAL TERM | |
| Topical term or geographic name as entry element | International English Language Testing System. |
| 9 (RLIN) | 30649 |
| 650 #0 - SUBJECT ADDED ENTRY--TOPICAL TERM | |
| Topical term or geographic name as entry element | English language |
| Form subdivision | Textbooks for foreign speakers. |
| 9 (RLIN) | 30650 |
| 650 #0 - SUBJECT ADDED ENTRY--TOPICAL TERM | |
| Topical term or geographic name as entry element | English language |
| Form subdivision | Examinations, questions, etc. |
| 9 (RLIN) | 30651 |
| 653 ## - INDEX TERM--UNCONTROLLED | |
| Resource For college | |
| Arrived date list | July2012 |
| 710 2# - ADDED ENTRY--CORPORATE NAME | |
| Corporate name or jurisdiction name as entry element | University of Cambridge. |
| Subordinate unit | Local Examinations Syndicate. |
| 9 (RLIN) | 30652 |
| 942 ## - ADDED ENTRY ELEMENTS (KOHA) | |
| Source of classification or shelving scheme | Dewey Decimal Classification |
| Item type | Book - Borrowing |
| Withdrawn status | Item status | Source of classification or shelving scheme | Damaged status | Not for loan | Vendor | Home library | Current library | Shelving location | Date acquired | Source of acquisition | Cost, normal purchase price | Serial Enumeration / chronology | Total Checkouts | Total Renewals | Full call number | Barcode | Checked out | Date last seen | Date last borrowed | Koha item type |
|---|---|---|---|---|---|---|---|---|---|---|---|---|---|---|---|---|---|---|---|---|
| Dewey Decimal Classification | Baccah | Central Library | Central Library | Second Floor | 12/07/2012 | 100.00 | 15359 | 10 | 4 | 428.24076 CAM | 000026991 | 01/01/2018 | 02/12/2017 | 02/12/2017 | Book - Borrowing |